000 00284nam a22001337a 4500
008 181031b xxu||||| |||| 00| 0 eng d
020 _a2901413033075
041 _aeng
080 _24 th
_a910
100 _a45
101 _ageo
245 _aHorizons
_cMaley.J.H
942 _2udc
_cBK
999 _c51297
_d51297